| 000 | 00492nam a2200181Ia 4500 | ||
|---|---|---|---|
| 008 | 240925s9999 xx 000 0 und d | ||
| 020 | _a9788131518267 | ||
| 082 | _a658 LUS | ||
| 100 | _alussier, N. Robert. | ||
| 245 | 0 | _aManagement Fundamentals: concepts applications skill development | |
| 250 | _a5th | ||
| 260 |
_aNew Delhi: _bCengage Learning _c,2012. |
||
| 300 |
_a627p. _bNA _fOriginal |
||
| 500 | _aIncludes Index | ||
| 600 | _aManagement | ||
| 650 | _aManagement | ||
| 942 | _cBK | ||
| 999 |
_c16173 _d16173 |
||